[Event "MRSF"]
[Site "Rychnov nad Kneznou"]
[Date "2020.08.17"]
[Round "9.1"]
[White "Svarc, Roman"]
[Black "Zidu, Jan"]
[Result "1-0"]
[BlackElo "1828"]
[WhiteElo "1981"]
[LiveChessVersion "1.4.8"]

1. c4 {[%clk 1:30:59]} c5 {[%clk 1:30:46]} 2. Nc3 {[%clk 1:31:22]} Nc6
{[%clk 1:31:11]} 3. g3 {[%clk 1:31:43]} g6 {[%clk 1:31:38]} 4. Bg2
{[%clk 1:32:09]} Bg7 {[%clk 1:32:03]} 5. Nf3 {[%clk 1:32:34]} d6 {[%clk 1:32:14]}
6. O-O {[%clk 1:32:46]} Rb8 {[%clk 1:32:25]} 7. a3 {[%clk 1:25:57]} Bd7
{[%clk 1:31:33]} 8. Rb1 {[%clk 1:19:30]} a5 {[%clk 1:24:26]} 9. b3
{[%clk 1:15:36]} Nf6 {[%clk 1:20:10]} 10. d4 {[%clk 1:11:32]} Bf5
{[%clk 1:14:14]} 11. Rb2 {[%clk 0:58:53]} Ne4 {[%clk 1:08:24]} 12. Nb5
{[%clk 0:48:30]} O-O {[%clk 0:59:02]} 13. e3 {[%clk 0:46:16]} Bg4
{[%clk 0:41:52]} 14. h3 {[%clk 0:41:29]} Bxf3 {[%clk 0:40:57]} 15. Bxf3
{[%clk 0:41:13]} Ng5 {[%clk 0:40:41]} 16. Bg2 {[%clk 0:41:31]} f5
{[%clk 0:36:47]} 17. f4 {[%clk 0:38:09]} cxd4 {[%clk 0:30:52]} 18. fxg5
{[%clk 0:37:38]} dxe3 {[%clk 0:31:08]} 19. Qd5+ {[%clk 0:36:03]} Kh8
{[%clk 0:31:37]} 20. Re2 {[%clk 0:36:13]} e6 {[%clk 0:31:34]} 21. Qxd6
{[%clk 0:35:19]} Qxg5 {[%clk 0:31:47]} 22. Bxe3 {[%clk 0:35:06]} Qf6
{[%clk 0:31:53]} 23. Bb6 {[%clk 0:30:02]} e5 {[%clk 0:30:48]} 24. Rd1
{[%clk 0:29:42]} e4 {[%clk 0:30:41]} 25. Qxf6 {[%clk 0:25:19]} Bxf6
{[%clk 0:30:57]} 26. Red2 {[%clk 0:18:57]} Rbe8 {[%clk 0:29:31]} 27. Be3
{[%clk 0:16:47]} Ne5 {[%clk 0:29:39]} 28. Rd6 {[%clk 0:16:27]} Nf3+
{[%clk 0:29:29]} 29. Bxf3 {[%clk 0:16:15]} 1-0

[Event "MRSF"]
[Site "Rychnov nad Kneznou"]
[Date "2020.08.17"]
[Round "9.2"]
[White "Richter, Martin"]
[Black "Pan, Vladimir"]
[Result "0-1"]
[BlackElo "2026"]
[WhiteElo "1952"]
[LiveChessVersion "1.4.8"]

1. d4 {[%clk 1:30:55]} Nf6 {[%clk 1:30:52]} 2. Nf3 {[%clk 1:31:13]} e6
{[%clk 1:29:46]} 3. e3 {[%clk 1:31:23]} c5 {[%clk 1:28:15]} 4. Bd3
{[%clk 1:31:31]} d5 {[%clk 1:27:32]} 5. c3 {[%clk 1:31:47]} Nc6 {[%clk 1:27:22]}
6. Nbd2 {[%clk 1:31:57]} Be7 {[%clk 1:26:30]} 7. O-O {[%clk 1:32:11]} O-O
{[%clk 1:26:53]} 8. dxc5 {[%clk 1:30:58]} Bxc5 {[%clk 1:26:45]} 9. b4
{[%clk 1:31:17]} Bd6 {[%clk 1:21:08]} 10. Bb2 {[%clk 1:30:59]} Bd7
{[%clk 1:18:02]} 11. e4 {[%clk 1:22:41]} Rc8 {[%clk 1:09:07]} 12. a3
{[%clk 1:13:06]} Ne5 {[%clk 1:08:17]} 13. Nxe5 {[%clk 1:12:37]} Bxe5
{[%clk 1:06:50]} 14. Rc1 {[%clk 1:11:02]} dxe4 {[%clk 1:02:46]} 15. Nxe4
{[%clk 1:08:28]} Bc6 {[%clk 0:55:56]} 16. Ng5 {[%clk 0:30:58]} Bf4
{[%clk 0:46:54]} 17. Qc2 {[%clk 0:23:11]} Bxg5 {[%clk 0:44:44]} 18. b5
{[%clk 0:23:33]} Bxc1 0-1

[Event "MRSF"]
[Site "Rychnov nad Kneznou"]
[Date "2020.08.17"]
[Round "9.3"]
[White "Bartos, Jan"]
[Black "Zatko, Michal"]
[Result "1-0"]
[BlackElo "1794"]
[WhiteElo "2131"]
[LiveChessVersion "1.4.8"]

1. d4 {[%clk 1:30:57]} e6 {[%clk 1:30:43]} 2. Nf3 {[%clk 1:31:22]} Nf6
{[%clk 1:30:55]} 3. c4 {[%clk 1:31:08]} d5 {[%clk 1:30:53]} 4. Nc3
{[%clk 1:31:33]} c6 {[%clk 1:30:31]} 5. e3 {[%clk 1:31:57]} Bd6 {[%clk 1:30:01]}
6. Bd3 {[%clk 1:32:18]} dxc4 {[%clk 1:30:05]} 7. Bxc4 {[%clk 1:32:42]} b5
{[%clk 1:27:13]} 8. Be2 {[%clk 1:32:19]} b4 {[%clk 1:25:30]} 9. Na4
{[%clk 1:32:34]} O-O {[%clk 1:24:46]} 10. O-O {[%clk 1:32:52]} Ba6
{[%clk 1:22:58]} 11. a3 {[%clk 1:15:40]} Bxe2 {[%clk 1:17:29]} 12. Qxe2
{[%clk 1:16:03]} Nbd7 {[%clk 1:16:55]} 13. axb4 {[%clk 1:04:49]} Qb8
{[%clk 1:14:01]} 14. Qa6 {[%clk 0:47:50]} Rc8 {[%clk 1:08:58]} 15. Nc5
{[%clk 0:41:43]} Qxb4 {[%clk 1:08:30]} 16. Bd2 {[%clk 0:39:56]} Qb5
{[%clk 1:04:48]} 17. Nxd7 {[%clk 0:36:18]} Nxd7 {[%clk 1:04:38]} 18. Qxb5
{[%clk 0:36:42]} cxb5 {[%clk 1:04:59]} 19. Ra5 {[%clk 0:32:27]} b4
{[%clk 1:02:25]} 20. Rfa1 {[%clk 0:32:13]} Nb6 {[%clk 0:56:55]} 21. Rb5
{[%clk 0:20:27]} Nd5 {[%clk 0:52:12]} 22. e4 {[%clk 0:19:38]} Nc7
{[%clk 0:49:34]} 23. Rb7 {[%clk 0:17:40]} a5 {[%clk 0:48:14]} 24. Rc1
{[%clk 0:15:31]} Ne8 {[%clk 0:41:48]} 25. e5 {[%clk 0:12:17]} Rxc1+
{[%clk 0:41:48]} 26. Bxc1 {[%clk 0:12:43]} Bc7 {[%clk 0:38:15]} 27. Kf1
{[%clk 0:11:52]} Rc8 {[%clk 0:36:40]} 28. Bd2 {[%clk 0:11:20]} Bd8
{[%clk 0:35:13]} 29. Ke2 {[%clk 0:11:05]} h6 {[%clk 0:34:09]} 30. Ne1
{[%clk 0:11:02]} Kf8 {[%clk 0:32:25]} 31. Nd3 {[%clk 0:10:52]} Rc4
{[%clk 0:31:04]} 32. Be3 {[%clk 0:09:51]} Nc7 {[%clk 0:28:33]} 33. Kd2
{[%clk 0:09:19]} Nd5 {[%clk 0:28:38]} 34. Nc5 {[%clk 0:09:01]} Nxe3
{[%clk 0:26:36]} 35. fxe3 {[%clk 0:09:22]} Ke8 {[%clk 0:21:15]} 36. Rb8
{[%clk 0:08:22]} Rxc5 {[%clk 0:17:31]} 37. dxc5 {[%clk 0:08:44]} Kd7
{[%clk 0:17:51]} 38. Kd3 {[%clk 0:07:30]} Bc7 {[%clk 0:18:05]} 39. Rb5
{[%clk 0:07:15]} Kc6 {[%clk 0:17:20]} 40. Kc4 {[%clk 0:07:30]} f5
{[%clk 0:15:49]} 41. exf6 {[%clk 0:07:18]} gxf6 {[%clk 0:16:07]} 42. g4
{[%clk 0:06:00]} f5 {[%clk 0:14:42]} 43. h3 {[%clk 0:05:56]} fxg4
{[%clk 0:14:27]} 44. hxg4 {[%clk 0:06:22]} Bd8 {[%clk 0:11:07]} 45. Rb8
{[%clk 0:06:26]} Bg5 {[%clk 0:10:48]} 46. e4 {[%clk 0:06:35]} Bf6
{[%clk 0:10:19]} 47. b3 {[%clk 0:06:47]} Be7 {[%clk 0:10:10]} 48. Rb6+
{[%clk 0:06:53]} Kd7 {[%clk 0:10:26]} 49. Kb5 {[%clk 0:07:16]} a4
{[%clk 0:10:15]} 50. bxa4 {[%clk 0:07:08]} b3 {[%clk 0:10:33]} 51. Kc4
{[%clk 0:07:32]} 1-0

[Event "MRSF"]
[Site "Rychnov nad Kneznou"]
[Date "2020.08.17"]
[Round "9.4"]
[White "Mazanek, Kamil"]
[Black "Kolibik, Jan"]
[Result "1-0"]
[BlackElo "1612"]
[WhiteElo "2052"]
[LiveChessVersion "1.4.8"]

1. c4 {[%clk 1:30:58]} c5 {[%clk 1:30:44]} 2. Nc3 {[%clk 1:31:23]} g6
{[%clk 1:30:56]} 3. Nf3 {[%clk 1:31:49]} Bg7 {[%clk 1:31:05]} 4. d4
{[%clk 1:32:17]} cxd4 {[%clk 1:31:02]} 5. Nxd4 {[%clk 1:32:46]} Nc6
{[%clk 1:30:51]} 6. e3 {[%clk 1:33:15]} a6 {[%clk 1:29:23]} 7. Be2
{[%clk 1:33:23]} Nxd4 {[%clk 1:29:05]} 8. exd4 {[%clk 1:33:25]} Nf6
{[%clk 1:29:18]} 9. Bf3 {[%clk 1:32:39]} Rb8 {[%clk 1:29:33]} 10. Bf4
{[%clk 1:31:12]} d6 {[%clk 1:29:31]} 11. O-O {[%clk 1:30:38]} O-O
{[%clk 1:29:53]} 12. Re1 {[%clk 1:29:36]} e6 {[%clk 1:28:30]} 13. c5
{[%clk 1:28:15]} Ne8 {[%clk 1:26:18]} 14. Ne4 {[%clk 1:26:40]} e5
{[%clk 1:25:11]} 15. dxe5 {[%clk 1:26:34]} Qa5 {[%clk 1:24:20]} 16. cxd6 Bd7 17.
Nc3 {[%clk 1:20:43]} h6 {[%clk 1:21:50]} 18. h4 {[%clk 1:20:41]} Kh7
{[%clk 1:19:59]} 19. Qd2 {[%clk 1:18:42]} Be6 {[%clk 1:17:55]} 20. Rad1
{[%clk 1:17:21]} b5 {[%clk 1:16:34]} 21. a3 {[%clk 1:15:11]} Qd8 {[%clk 1:15:03]}
22. Bg3 {[%clk 1:14:26]} Qd7 {[%clk 1:13:08]} 23. Bd5 {[%clk 1:10:34]} Bg4
{[%clk 1:09:53]} 24. f3 {[%clk 1:10:16]} Be6 {[%clk 1:09:22]} 25. Bxe6
{[%clk 1:09:25]} fxe6 {[%clk 1:09:17]} 26. Ne4 {[%clk 1:09:36]} Qf7
{[%clk 1:06:30]} 27. Nc5 {[%clk 1:06:58]} Ra8 {[%clk 1:05:41]} 28. d7
{[%clk 1:06:31]} Nc7 {[%clk 1:05:51]} 29. Qd6 {[%clk 1:07:00]} 1-0

[Event "MRSF"]
[Site "Rychnov nad Kneznou"]
[Date "2020.08.17"]
[Round "9.5"]
[White "Bracha, Pavel"]
[Black "Kucera, Jiri"]
[Result "1/2-1/2"]
[BlackElo "2019"]
[WhiteElo "1843"]
[LiveChessVersion "1.4.8"]

1. d4 {[%clk 1:30:54]} Nf6 {[%clk 1:27:28]} 2. Nf3 {[%clk 1:30:51]} g6
{[%clk 1:25:27]} 3. Nbd2 {[%clk 1:30:38]} Bg7 {[%clk 1:24:31]} 4. e4
{[%clk 1:30:07]} d6 {[%clk 1:24:13]} 5. Bd3 {[%clk 1:28:43]} O-O {[%clk 1:21:33]}
6. O-O {[%clk 1:28:35]} Nc6 {[%clk 1:19:01]} 7. c3 {[%clk 1:28:53]} e5
{[%clk 1:19:16]} 8. d5 {[%clk 1:26:41]} Ne7 {[%clk 1:19:36]} 9. Re1
{[%clk 1:25:17]} Nh5 {[%clk 1:11:14]} 10. Nf1 {[%clk 1:22:34]} Qe8
{[%clk 1:09:05]} 11. Qb3 {[%clk 1:09:52]} Kh8 {[%clk 1:05:01]} 12. c4
{[%clk 1:08:18]} b6 {[%clk 1:03:48]} 13. Bc2 {[%clk 1:07:51]} f5 {[%clk 1:03:34]}
14. Ng3 {[%clk 1:00:19]} Nf6 {[%clk 0:47:24]} 15. Nd2 {[%clk 0:54:48]} f4
{[%clk 0:47:19]} 16. Ngf1 {[%clk 0:54:49]} g5 {[%clk 0:47:36]} 17. Bd1
{[%clk 0:52:10]} g4 {[%clk 0:42:32]} 18. f3 {[%clk 0:50:15]} h5 {[%clk 0:39:38]}
19. a4 {[%clk 0:47:18]} a5 {[%clk 0:35:05]} 20. Qc3 {[%clk 0:47:21]} Qg6
{[%clk 0:33:19]} 21. Kh1 {[%clk 0:44:58]} Bh6 {[%clk 0:32:24]} 22. Ra3
{[%clk 0:35:37]} Rg8 {[%clk 0:32:08]} 23. fxg4 {[%clk 0:26:40]} hxg4
{[%clk 0:29:27]} 24. Qd3 {[%clk 0:25:13]} Qg5 {[%clk 0:20:10]} 25. Nb1
{[%clk 0:23:01]} Qh4 {[%clk 0:14:05]} 26. Qd2 {[%clk 0:17:48]} Rg6
{[%clk 0:09:25]} 27. Qc3 {[%clk 0:13:30]} g3 {[%clk 0:06:51]} 28. Nbd2
{[%clk 0:10:54]} gxh2 {[%clk 0:03:04]} 29. Nf3 {[%clk 0:10:56]} Qg4
{[%clk 0:03:10]} 30. Qc2 {[%clk 0:08:24]} Qh5 {[%clk 0:02:01]} 31. Nd4
{[%clk 0:05:16]} Qh4 {[%clk 0:01:03]} 32. Nf3 {[%clk 0:05:36]} Qh5
{[%clk 0:01:31]} 33. Nd4 {[%clk 0:05:32]} Bg4 {[%clk 0:01:04]} 34. Bxg4
{[%clk 0:00:53]} Rxg4 {[%clk 0:01:20]} 35. Rh3 {[%clk 0:00:40]} Rh4
{[%clk 0:00:46]} 36. Rxh4 {[%clk 0:00:39]} Qxh4 {[%clk 0:01:15]} 37. Nf3
{[%clk 0:01:07]} Qh5 {[%clk 0:01:09]} 38. N1xh2 {[%clk 0:00:55]} Rg8
{[%clk 0:01:28]} 39. Kg1 {[%clk 0:00:48]} Rg3 {[%clk 0:00:35]} 40. Re2
{[%clk 0:00:38]} Ng6 {[%clk 0:00:39]} 41. Nf1 {[%clk 0:00:39]} Rg4
{[%clk 0:00:46]} 42. N1h2 {[%clk 0:01:02]} Rg3 {[%clk 0:00:40]} 43. Nf1
{[%clk 0:01:29]} Rg4 {[%clk 0:00:38]} 44. N1h2 {[%clk 0:01:57]} Rg3
{[%clk 0:00:36]} 45. Nf1 {[%clk 0:02:24]} Rg4 {[%clk 0:00:35]} 1/2-1/2

[Event "MRSF"]
[Site "Rychnov nad Kneznou"]
[Date "2020.08.17"]
[Round "9.6"]
[White "Kalousek, Vladimir"]
[Black "Cermak, Miroslav"]
[Result "0-1"]
[BlackElo "1837"]
[WhiteElo "1963"]
[LiveChessVersion "1.4.8"]

1. d4 {[%clk 1:30:50]} e6 {[%clk 1:30:13]} 2. Nf3 {[%clk 1:31:10]} b6
{[%clk 1:30:27]} 3. Bf4 {[%clk 1:31:28]} Bb7 {[%clk 1:30:33]} 4. e3
{[%clk 1:31:39]} Be7 {[%clk 1:30:03]} 5. Bd3 {[%clk 1:31:53]} d6 {[%clk 1:27:13]}
6. O-O {[%clk 1:32:09]} Nd7 {[%clk 1:27:25]} 7. c4 {[%clk 1:32:23]} g5
{[%clk 1:23:07]} 8. Bg3 {[%clk 1:32:44]} h5 {[%clk 1:23:33]} 9. h4
{[%clk 1:32:42]} g4 {[%clk 1:23:30]} 10. Nfd2 {[%clk 1:32:47]} Bxh4
{[%clk 1:23:41]} 11. Qe1 {[%clk 1:21:57]} Bxg3 {[%clk 1:10:33]} 12. fxg3
{[%clk 1:21:36]} Qe7 {[%clk 1:07:12]} 13. Qf2 {[%clk 1:21:00]} Ngf6
{[%clk 1:03:11]} 14. e4 {[%clk 1:19:27]} e5 {[%clk 1:02:29]} 15. dxe5
{[%clk 1:15:08]} Qxe5 {[%clk 1:00:39]} 16. Nc3 {[%clk 1:15:02]} O-O-O
{[%clk 0:59:37]} 17. Rae1 {[%clk 1:12:59]} Rh6 {[%clk 0:59:35]} 18. Nd5
{[%clk 1:11:30]} Rdh8 {[%clk 0:59:10]} 19. Nxf6 {[%clk 1:08:27]} Rxf6
{[%clk 0:50:48]} 20. Qe3 {[%clk 1:04:13]} Rhh6 {[%clk 0:31:31]} 21. Rxf6
{[%clk 0:54:18]} Rxf6 {[%clk 0:31:49]} 22. b3 {[%clk 0:52:31]} Nc5
{[%clk 0:30:06]} 23. Bb1 {[%clk 0:50:01]} Ne6 {[%clk 0:29:13]} 24. Rf1
{[%clk 0:49:13]} Rxf1+ {[%clk 0:28:44]} 25. Kxf1 {[%clk 0:44:48]} f5
{[%clk 0:28:06]} 26. Kf2 {[%clk 0:43:55]} f4 {[%clk 0:28:01]} 27. gxf4
{[%clk 0:44:07]} Nxf4 {[%clk 0:28:11]} 28. g3 Nh3+ {[%clk 0:27:38]} 29. Kg2
{[%clk 0:36:43]} Qf6 {[%clk 0:27:30]} 30. Bd3 {[%clk 0:36:07]} Bc6
{[%clk 0:26:48]} 31. Bb1 {[%clk 0:36:13]} a5 {[%clk 0:26:43]} 32. Bd3
{[%clk 0:35:55]} Ng5 {[%clk 0:26:03]} 33. Bb1 {[%clk 0:35:23]} Nh3
{[%clk 0:25:54]} 34. Bd3 {[%clk 0:35:24]} Qc3 {[%clk 0:25:40]} 35. Qe2
{[%clk 0:35:03]} Qd4 {[%clk 0:25:20]} 36. Bb1 {[%clk 0:34:20]} Qg1#
{[%clk 0:24:50]} 0-1

[Event "MRSF"]
[Site "Rychnov nad Kneznou"]
[Date "2020.08.17"]
[Round "9.7"]
[White "Vorackova, Jarmila"]
[Black "Kozak, Karel"]
[Result "1/2-1/2"]
[BlackElo "1860"]
[WhiteElo "1816"]
[LiveChessVersion "1.4.8"]

1. d4 {[%clk 1:30:57]} Nf6 {[%clk 1:29:53]} 2. c4 {[%clk 1:31:18]} e6
{[%clk 1:30:16]} 3. Nc3 {[%clk 1:31:41]} d5 {[%clk 1:30:26]} 4. cxd5
{[%clk 1:30:09]} exd5 {[%clk 1:30:53]} 5. Nf3 {[%clk 1:30:25]} c6
{[%clk 1:30:43]} 6. Bg5 {[%clk 1:30:43]} Bd6 {[%clk 1:30:28]} 7. e3
{[%clk 1:29:37]} O-O {[%clk 1:30:33]} 8. Qc2 {[%clk 1:29:26]} Na6
{[%clk 1:28:09]} 9. a3 {[%clk 1:29:09]} Nc7 {[%clk 1:28:31]} 10. Bd3
{[%clk 1:28:30]} h6 {[%clk 1:28:48]} 11. Bh4 {[%clk 1:27:32]} Re8
{[%clk 1:28:36]} 12. O-O-O {[%clk 1:25:20]} Be7 {[%clk 1:26:24]} 13. Ne5
{[%clk 1:20:26]} Be6 {[%clk 1:24:34]} 14. h3 {[%clk 1:11:02]} Nb5
{[%clk 1:20:24]} 15. f4 {[%clk 1:07:49]} Nxc3 {[%clk 1:20:09]} 16. Qxc3
{[%clk 1:05:55]} Ne4 {[%clk 1:20:13]} 17. Bxe4 {[%clk 1:06:07]} dxe4
{[%clk 1:19:46]} 18. Bxe7 {[%clk 1:05:49]} 1/2-1/2

[Event "MRSF"]
[Site "Rychnov nad Kneznou"]
[Date "2020.08.17"]
[Round "9.8"]
[White "Vorel, Bohuslav"]
[Black "Lorencova, Jitka"]
[Result "1-0"]
[BlackElo "1331"]
[WhiteElo "1564"]
[LiveChessVersion "1.4.8"]

1. e4 {[%clk 1:30:57]} e6 {[%clk 1:30:55]} 2. d4 {[%clk 1:31:20]} d5
{[%clk 1:30:48]} 3. exd5 {[%clk 1:31:42]} exd5 {[%clk 1:31:10]} 4. Nf3
{[%clk 1:32:00]} Bf5 {[%clk 1:30:30]} 5. Bd3 {[%clk 1:31:38]} Bxd3
{[%clk 1:30:21]} 6. Qxd3 {[%clk 1:31:59]} Be7 {[%clk 1:30:42]} 7. O-O
{[%clk 1:31:55]} Nd7 {[%clk 1:30:25]} 8. Qb5 {[%clk 1:28:31]} Rb8
{[%clk 1:30:00]} 9. Qxd5 {[%clk 1:27:29]} c6 {[%clk 1:24:14]} 10. Qb3
{[%clk 1:26:20]} h6 {[%clk 1:22:35]} 11. Bf4 {[%clk 1:26:16]} Rc8
{[%clk 1:15:23]} 12. Nc3 {[%clk 1:22:56]} Ngf6 {[%clk 1:03:15]} 13. Rad1
{[%clk 1:22:38]} O-O {[%clk 1:00:59]} 14. Ne5 {[%clk 1:16:31]} Kh7
{[%clk 0:53:39]} 15. Ne2 {[%clk 1:12:15]} Qe8 {[%clk 0:50:47]} 16. Qd3+
{[%clk 1:10:25]} Kg8 {[%clk 0:49:08]} 17. Qb3 {[%clk 1:00:20]} Kh8
{[%clk 0:40:17]} 18. Qh3 {[%clk 0:53:06]} Nxe5 {[%clk 0:37:58]} 19. dxe5
{[%clk 0:53:15]} Ng8 {[%clk 0:33:38]} 20. Rd3 {[%clk 0:53:10]} g5
{[%clk 0:31:23]} 21. Bc1 {[%clk 0:52:40]} f6 {[%clk 0:30:11]} 22. e6
{[%clk 0:51:40]} Qg6 {[%clk 0:29:10]} 23. Rfd1 {[%clk 0:49:34]} f5
{[%clk 0:28:48]} 24. Qe3 {[%clk 0:41:48]} Nf6 {[%clk 0:27:42]} 25. Qxa7
{[%clk 0:38:18]} Ne4 {[%clk 0:24:46]} 26. Be3 {[%clk 0:31:16]} Qxe6
{[%clk 0:23:12]} 27. Qxb7 {[%clk 0:30:24]} Nd6 {[%clk 0:21:14]} 28. Qb3
{[%clk 0:28:08]} Qg6 {[%clk 0:18:49]} 29. Bc5 {[%clk 0:27:56]} Rcd8
{[%clk 0:17:07]} 30. g3 {[%clk 0:24:58]} Kh7 {[%clk 0:16:18]} 31. Bxd6
{[%clk 0:25:12]} Bxd6 {[%clk 0:14:19]} 32. Qb7+ {[%clk 0:25:20]} Kh8
{[%clk 0:12:40]} 33. Qxc6 {[%clk 0:25:30]} Rf6 {[%clk 0:11:30]} 34. c4
{[%clk 0:24:29]} f4 {[%clk 0:08:17]} 35. Qb6 {[%clk 0:19:41]} Rb8
{[%clk 0:06:29]} 36. Qa7 {[%clk 0:17:27]} Rg8 {[%clk 0:05:53]} 37. Qd4
{[%clk 0:11:18]} Rd8 {[%clk 0:04:18]} 38. Qc3 {[%clk 0:11:06]} Kh7
{[%clk 0:04:11]} 39. Rd5 {[%clk 0:07:02]} Rdf8 {[%clk 0:03:15]} 40. Qd3
{[%clk 0:06:23]} Qxd3 {[%clk 0:02:25]} 41. R1xd3 {[%clk 0:06:34]} fxg3
{[%clk 0:02:30]} 42. Nxg3 {[%clk 0:03:58]} Bxg3 {[%clk 0:02:29]} 43. fxg3
{[%clk 0:03:45]} Rf1+ {[%clk 0:02:03]} 44. Kg2 {[%clk 0:04:10]} g4
{[%clk 0:02:21]} 45. Rd2 {[%clk 0:03:30]} R1f6 {[%clk 0:01:38]} 46. Rd7+
{[%clk 0:03:41]} Kg8 {[%clk 0:01:49]} 47. Rd8 {[%clk 0:03:56]} Rc6
{[%clk 0:00:59]} 48. Rxf8+ {[%clk 0:04:02]} Kxf8 {[%clk 0:01:23]} 49. b3
{[%clk 0:04:28]} h5 {[%clk 0:01:21]} 50. Rd5 {[%clk 0:04:34]} Ra6
{[%clk 0:01:08]} 51. a4 {[%clk 0:04:23]} Rb6 {[%clk 0:01:27]} 52. Rb5
{[%clk 0:04:45]} Re6 {[%clk 0:01:45]} 53. Kf2 {[%clk 0:03:26]} Rf6+
{[%clk 0:01:53]} 54. Ke2 {[%clk 0:03:09]} Ke7 {[%clk 0:01:41]} 55. a5
{[%clk 0:03:03]} Re6+ {[%clk 0:01:57]} 56. Kd3 {[%clk 0:03:09]} Rf6
{[%clk 0:01:32]} 57. Kd4 {[%clk 0:02:52]} Kd7 {[%clk 0:01:08]} 58. Rxh5
{[%clk 0:02:56]} Rf3 {[%clk 0:01:08]} 59. b4 {[%clk 0:03:14]} Rf1
{[%clk 0:01:13]} 60. Rg5 {[%clk 0:02:57]} Rd1+ {[%clk 0:01:11]} 61. Kc5
{[%clk 0:03:18]} Rh1 {[%clk 0:00:34]} 62. Rxg4 {[%clk 0:03:25]} Rxh2
{[%clk 0:00:54]} 63. Rg5 {[%clk 0:03:30]} Ke7 {[%clk 0:01:00]} 64. b5
{[%clk 0:03:28]} Rh8 {[%clk 0:01:14]} 65. a6 {[%clk 0:03:27]} Rc8+
{[%clk 0:01:15]} 66. Kb4 {[%clk 0:03:44]} Kf6 {[%clk 0:01:20]} 67. Rd5
{[%clk 0:03:59]} Ke6 {[%clk 0:01:40]} 68. Rc5 {[%clk 0:04:02]} Rd8
{[%clk 0:01:13]} 69. b6 {[%clk 0:04:00]} Rd1 {[%clk 0:01:12]} 70. Kb5
{[%clk 0:03:30]} Kd6 {[%clk 0:01:15]} 71. Rd5+ {[%clk 0:03:47]} 1-0

[Event "MRSF"]
[Site "Rychnov nad Kneznou"]
[Date "2020.08.17"]
[Round "9.10"]
[White "Janda, Zdenek"]
[Black "Juricek, Stanislav"]
[Result "1/2-1/2"]
[BlackElo "2058"]
[WhiteElo "2068"]
[LiveChessVersion "1.4.8"]

1. c4 {[%clk 1:30:54]} Nf6 {[%clk 1:30:49]} 2. g3 {[%clk 1:31:16]} g6
{[%clk 1:31:06]} 3. Bg2 {[%clk 1:31:32]} Bg7 {[%clk 1:31:24]} 4. Nc3
{[%clk 1:31:34]} O-O {[%clk 1:31:41]} 5. d3 {[%clk 1:31:13]} d6 {[%clk 1:31:32]}
6. Bg5 {[%clk 1:30:14]} h6 {[%clk 1:30:11]} 7. Bd2 {[%clk 1:29:20]} Nc6
{[%clk 1:27:44]} 8. Qc1 {[%clk 1:29:12]} Kh7 {[%clk 1:27:41]} 9. h4
{[%clk 1:28:39]} e5 {[%clk 1:19:29]} 10. h5 {[%clk 1:28:37]} g5 {[%clk 1:16:44]}
11. Rb1 {[%clk 1:17:37]} Be6 {[%clk 1:07:50]} 12. b4 {[%clk 1:07:17]} Qd7
{[%clk 0:49:01]} 13. b5 {[%clk 1:01:18]} Nd8 {[%clk 0:49:02]} 14. Nd5
{[%clk 0:55:02]} c6 {[%clk 0:46:38]} 15. Nxf6+ {[%clk 0:51:19]} Bxf6
{[%clk 0:47:06]} 16. Qb2 {[%clk 0:47:28]} Bg7 {[%clk 0:40:51]} 17. Bc3
{[%clk 0:47:11]} f6 {[%clk 0:40:27]} 18. Nf3 {[%clk 0:37:57]} c5 {[%clk 0:35:46]}
19. e3 {[%clk 0:35:26]} Qf7 {[%clk 0:29:43]} 20. Nd2 {[%clk 0:33:17]} d5
{[%clk 0:27:44]} 21. cxd5 {[%clk 0:27:29]} Bxd5 {[%clk 0:28:01]} 22. Bxd5
{[%clk 0:27:18]} Qxd5 {[%clk 0:28:21]} 23. Ke2 {[%clk 0:26:43]} 1/2-1/2

[Event "MRSF"]
[Site "Rychnov nad Kneznou"]
[Date "2020.08.17"]
[Round "9.11"]
[White "Malinovsky, Petr"]
[Black "Urban, Zdenek"]
[Result "0-1"]
[BlackElo "2076"]
[WhiteElo "2081"]
[LiveChessVersion "1.4.8"]

1. d4 {[%clk 1:30:58]} d6 {[%clk 1:30:55]} 2. c4 {[%clk 1:31:18]} e5
{[%clk 1:31:18]} 3. d5 {[%clk 1:31:43]} f5 {[%clk 1:31:42]} 4. Nc3
{[%clk 1:30:40]} Nf6 {[%clk 1:31:27]} 5. g3 {[%clk 1:30:10]} Be7 {[%clk 1:31:37]}
6. Bg2 {[%clk 1:30:08]} O-O {[%clk 1:31:17]} 7. e4 {[%clk 1:29:08]} Na6
{[%clk 1:30:55]} 8. Nge2 {[%clk 1:18:43]} Nc5 {[%clk 1:15:23]} 9. exf5
{[%clk 1:14:20]} Bxf5 {[%clk 1:15:48]} 10. O-O {[%clk 1:14:30]} Qd7
{[%clk 1:10:39]} 11. f4 {[%clk 1:10:53]} Nd3 {[%clk 1:08:15]} 12. b3
{[%clk 1:05:23]} Rae8 {[%clk 1:03:28]} 13. Bd2 {[%clk 1:01:53]} c6
{[%clk 0:53:48]} 14. Nc1 {[%clk 0:56:57]} exf4 {[%clk 0:53:16]} 15. Nxd3
{[%clk 0:55:51]} Bxd3 {[%clk 0:51:09]} 16. Rxf4 {[%clk 0:56:02]} Bd8
{[%clk 0:50:27]} 17. Qf3 {[%clk 0:53:30]} Bg6 {[%clk 0:47:05]} 18. dxc6
{[%clk 0:52:46]} Bb6+ {[%clk 0:45:31]} 19. Kh1 {[%clk 0:52:30]} bxc6
{[%clk 0:45:21]} 20. Qxc6 {[%clk 0:51:31]} Qe7 {[%clk 0:40:34]} 21. Raf1
{[%clk 0:49:45]} h5 {[%clk 0:38:39]} 22. Nd5 {[%clk 0:46:15]} Nxd5
{[%clk 0:38:08]} 23. Qxd5+ {[%clk 0:44:10]} Kh8 {[%clk 0:38:12]} 24. Qf3
{[%clk 0:36:07]} Rxf4 {[%clk 0:36:59]} 25. Bxf4 {[%clk 0:32:59]} Qf6
{[%clk 0:36:49]} 26. h4 {[%clk 0:31:25]} Bc5 {[%clk 0:34:26]} 27. Qd1
{[%clk 0:29:09]} Qb2 {[%clk 0:31:13]} 28. Qa1 {[%clk 0:25:57]} Qe2
{[%clk 0:29:29]} 29. Qd1 {[%clk 0:22:24]} Qxa2 {[%clk 0:28:16]} 30. Bf3
{[%clk 0:17:44]} Qc2 {[%clk 0:24:42]} 31. Qxc2 {[%clk 0:16:28]} Bxc2
{[%clk 0:24:59]} 32. Bxh5 {[%clk 0:15:52]} g6 {[%clk 0:23:28]} 33. Bf3
{[%clk 0:13:48]} Bxb3 {[%clk 0:20:46]} 34. Bd5 {[%clk 0:14:08]} Bc2
{[%clk 0:15:48]} 35. Kh2 {[%clk 0:13:25]} Bf5 {[%clk 0:15:12]} 36. Bg5
{[%clk 0:11:03]} Re2+ {[%clk 0:07:10]} 37. Kh1 {[%clk 0:11:29]} a5
{[%clk 0:06:56]} 38. Ra1 {[%clk 0:10:16]} Bb4 {[%clk 0:06:11]} 39. Bd8
{[%clk 0:10:10]} Re1+ {[%clk 0:06:11]} 40. Rxe1 {[%clk 0:07:23]} Bxe1
{[%clk 0:06:37]} 41. Bf6+ {[%clk 0:07:21]} Kh7 {[%clk 0:07:03]} 42. Kg2
{[%clk 0:07:25]} a4 {[%clk 0:05:08]} 43. Kf3 {[%clk 0:06:28]} a3 {[%clk 0:05:20]}
44. g4 {[%clk 0:06:31]} Bb1 {[%clk 0:04:26]} 45. Bd4 {[%clk 0:04:18]} a2
{[%clk 0:03:55]} 46. h5 {[%clk 0:04:00]} g5 {[%clk 0:04:12]} 47. Bb2
{[%clk 0:02:01]} Bd2 {[%clk 0:04:32]} 48. c5 {[%clk 0:01:52]} dxc5 49. Ke2 Bf4
{[%clk 0:04:49]} 50. Bc4 {[%clk 0:02:36]} Bh2 {[%clk 0:04:54]} 51. Kd2
{[%clk 0:02:59]} Bg1 {[%clk 0:04:53]} 52. Kc1 {[%clk 0:02:57]} Be3+
{[%clk 0:05:00]} 53. Kd1 {[%clk 0:03:26]} Bd4 {[%clk 0:04:01]} 54. Kc1
{[%clk 0:03:56]} Kg7 {[%clk 0:04:03]} 55. Bxd4+ {[%clk 0:02:40]} cxd4
{[%clk 0:04:26]} 56. Kb2 {[%clk 0:03:04]} d3 {[%clk 0:04:39]} 57. Bb3
{[%clk 0:03:27]} Kf6 {[%clk 0:03:28]} 58. Bc4 {[%clk 0:03:19]} d2
{[%clk 0:02:41]} 59. Bb3 {[%clk 0:03:37]} Ke5 {[%clk 0:02:53]} 60. Ba4
{[%clk 0:03:09]} Kf4 {[%clk 0:02:45]} 61. h6 {[%clk 0:03:18]} Kxg4
{[%clk 0:02:44]} 62. Bd1+ {[%clk 0:03:31]} Kf4 {[%clk 0:03:04]} 63. Bb3
{[%clk 0:03:54]} g4 {[%clk 0:03:17]} 64. h7 {[%clk 0:04:11]} Bxh7
{[%clk 0:03:38]} 65. Kxa2 {[%clk 0:04:40]} Bg8 {[%clk 0:03:56]} 0-1